Rotterdam The Hague Airport Destinations (Rotterdam, Netherlands) - Statistics

General Stats
  • This quiz has been taken 174 times
    20 since last reset
  • The average score is 27 of 53
Answer Stats
Airline Destination % Correct
British Airways London (City)
93%
Transavia London (Stansted)
93%
Aegean Airlines Athens
87%
Transavia Lisbon
87%
Air Algérie Algiers
80%
Transavia Faro
80%
Transavia Rome (Fiumicino)
80%
Transavia Alicante
73%
AJet/Pegasus Airlines Istanbul (Sabiha Gökçen)
73%
Transavia Palma de Mallorca
73%
Transavia Málaga
67%
Transavia Barcelona
60%
Transavia Corfu
60%
Transavia Fès
60%
Transavia/TUI fly Netherlands Gran Canaria
60%
Transavia/TUI fly Netherlands Heraklion
60%
Transavia Ibiza
60%
SunExpress İzmir
60%
TUI fly Netherlands Rhodes
60%
Transavia/TUI fly Netherlands Tenerife (South)
60%
TUI fly Netherlands Antalya
53%
Transavia Geneva
53%
Transavia/TUI fly Netherlands Kos
53%
TUI fly Netherlands Lanzarote
53%
Transavia Palermo
53%
Air Arabia/Transavia Tangier
53%
Transavia Valencia
53%
TUI fly Netherlands Zakynthos
53%
Transavia Almería
47%
Transavia Dubrovnik
47%
Transavia Innsbruck
47%
Transavia Salzburg
47%
Transavia Seville
47%
Transavia Split
47%
Transavia Zadar
47%
SunExpress Ankara
40%
Transavia Bastia
40%
Transavia Catania
40%
Transavia Brindisi
33%
TUI fly Netherlands Fuerteventura
33%
Transavia Girona
33%
SunExpress Kayseri
33%
Transavia Nador
33%
Transavia Oujda
33%
Transavia Pula
33%
Transavia Trieste
27%
TUI fly Netherlands Kittilä
20%
TUI fly Netherlands Kuusamo
20%
Transavia Perugia
20%
Transavia Al Hoceima
13%
Transavia Bergerac
13%
Transavia Grenoble
13%
Transavia Toulon
7%
No matching quizzes found
Score Distribution
Percent of People with Each Score
Percentile by Number Answered
Your Score History
You have not taken this quiz since the last reset